| 000 | 00953nam a2200265 a 4500 | ||
|---|---|---|---|
| 001 | 000024411 | ||
| 005 | 20240501135122.0 | ||
| 008 | 110127s1987 dr a 001 0 spa d | ||
| 040 |
_aDO-SdBNP _bspa _cBNPHU |
||
| 082 |
_a302.224 _bJ61u, 1987 |
||
| 100 | 1 |
_aJiménez S., M. Arturo _950041 |
|
| 245 | 1 | 0 |
_aUna guía de redación para la comunicación popular / _cM. Arturo Jiménez S., Agustín Navarro P. |
| 250 | _a3ª ed. | ||
| 260 |
_aSanto Domingo : _bCEDEE, _c1987. |
||
| 300 |
_a93 p. : _bil. ; _c22 cm. |
||
| 504 | _aBibliografía : p. 91-93. | ||
| 590 | _aInventariado, 2018/BT | ||
| 650 | 0 |
_aCultura popular _912597 |
|
| 650 | 4 |
_aComunicación _xAspectos sociales _91659 |
|
| 650 | 4 |
_aComunicación interpersonal _921034 |
|
| 650 | 4 |
_aArte de escribir _xManuales _919637 |
|
| 700 | 1 |
_aNavarro P., Agustín _950042 |
|
| 710 | 1 |
_aCentro Dominicano de Estudios de la Educación (CEDEE) _950043 |
|
| 910 | _aValidado. Control de la calidad. EMS | ||
| 999 |
_c23904 _d23904 |
||